What is history? (Record no. 24123)
[ view plain ]
| 000 -LEADER | |
|---|---|
| fixed length control field | 00975 a2200253 4500 |
| 003 - CONTROL NUMBER IDENTIFIER | |
| control field | Nust |
| 005 - DATE AND TIME OF LATEST TRANSACTION | |
| control field | 20210218093756.0 |
| 008 - FIXED-LENGTH DATA ELEMENTS--GENERAL INFORMATION | |
| fixed length control field | 170621b xxu||||| |||| 00| 0 eng d |
| 020 ## - INTERNATIONAL STANDARD BOOK NUMBER | |
| International Standard Book Number | 0333977017 |
| 038 ## - RECORD CONTENT LICENSOR | |
| Staff Name | A |
| 040 ## - CATALOGING SOURCE | |
| Transcribing agency | Nust |
| Original cataloging agency | DLC |
| Language of cataloging | DLC |
| 050 ## - LIBRARY OF CONGRESS CALL NUMBER | |
| Classification number | 901.1 CAR |
| 082 ## - DEWEY DECIMAL CLASSIFICATION NUMBER | |
| Classification number | 901 CAR |
| 100 ## - MAIN ENTRY--PERSONAL NAME | |
| Personal name | Carr, Edward Hallett |
| 9 (RLIN) | 3045 |
| 245 ## - TITLE STATEMENT | |
| Title | What is history? |
| Statement of responsibility, etc. | E.H. Carr |
| 260 ## - PUBLICATION, DISTRIBUTION, ETC. | |
| Name of publisher, distributor, etc. | Palgrave |
| 300 ## - PHYSICAL DESCRIPTION | |
| Extent | xlvi, 155 p. : |
| Other physical details | ill, ; |
| Dimensions | 24 cm. |
| 505 ## - FORMATTED CONTENTS NOTE | |
| Formatted contents note | Introduction (Page-ix) Introductory Note (Page xlvii) Preface to the Second Edition (Page-xlix) The Historian and his Facts (Page-1) Society and the Individual (Page-25) History Science and Morality (Page-50) Causation in History (Page-81) History as Progress (Page-103) The Widening Horizon (Page-128). |
| 538 ## - SYSTEM DETAILS NOTE | |
| System details note | Shelf # 09, Row # 1, History & Digital Design. |
| 563 ## - BINDING INFORMATION | |
| Binding note | H.B |
| 650 ## - SUBJECT ADDED ENTRY--TOPICAL TERM | |
| Topical term or geographic name entry element | History |
| 9 (RLIN) | 3046 |
| 856 ## - ELECTRONIC LOCATION AND ACCESS | |
| Materials specified | Table of Contents Only. |
| 942 ## - ADDED ENTRY ELEMENTS (KOHA) | |
| Source of classification or shelving scheme | |
| Koha item type | Book |
| Classification part | 901 CAR |
| Withdrawn status | Lost status | Source of classification or shelving scheme | Damaged status | Not for loan | Permanent Location | Current Location | Shelving location | Date acquired | Total Checkouts | Full call number | Barcode | Date last seen | Price effective from | Koha item type | Date last checked out |
|---|---|---|---|---|---|---|---|---|---|---|---|---|---|---|---|
| Central Library (CL) | Central Library (CL) | General Stacks | 05/07/2014 | 3 | 901 CAR | RCMS000696 | 11/18/2022 | 05/07/2014 | Book | 12/25/2021 | |||||
| School of Interdisciplinary Engineering and Sciences (SINES) | School of Interdisciplinary Engineering and Sciences (SINES) | General Stacks | 05/07/2014 | 901.1CAR | RCMS000695 | 05/07/2014 | 05/07/2014 | Book |
